| 000 | 004430000a22001810004500 | ||
|---|---|---|---|
| 003 | LK-CoMWRAF | ||
| 005 | 20231018151654.0 | ||
| 008 | 230817t ||||| |||| 00| 0 eng d | ||
| 020 | _a0584106734 | ||
| 040 |
_aLK-CoMWRAF _dLK-CoMWRAF _eLK-CoMWRAF |
||
| 041 | _aeng | ||
| 082 |
_a821 _bSTR |
||
| 100 | _aStrong, Patience | ||
| 245 | _aThe Glory beyond | ||
| 260 |
_aLondon : _bFrederick Muller Ltd, _c1973 |
||
| 650 | _aPoetry | ||
| 942 | _cBK | ||
| 999 |
_c2075 _d2075 |
||